| 000 | 00000nam 2200000zi 4500 |
| 001 | 9.947211 |
| 003 | CaOODSP |
| 005 | 20250121150145 |
| 006 | m go d f |
| 007 | cr |n||||||||| |
| 008 | 250121e199102 oncd o f000 0 eng d |
| 040 | |aCaOODSP|beng|erda|cCaOODSP |
| 043 | |an-cn--- |
| 086 | 1 |aCo24-3/12-4-1991E-PDF |
| 245 | 00|aEvaluation of the Department of Communications research laboratories. |
| 246 | 34|aEvaluation of the Department of Communications research laboratories : |bevaluation report |
| 246 | 37|aFinal evaluation report : |bDOC research labs evaluation |
| 264 | 1|a[Ottawa] : |bGovernment of Canada, Department of Communications = Gouvernement du Canada, Ministère des Communications, |cFebruary 1991. |
| 300 | |a1 online resource (v, 21 pages) |
| 336 | |atext|btxt|2rdacontent |
| 337 | |acomputer|bc|2rdamedia |
| 338 | |aonline resource|bcr|2rdacarrier |
| 490 | 1 |aEvaluation report = Rapport d'évaluation ; |v[4] |
| 500 | |aDigitized copy from print [produced by Innovation, Science and Economic Development Canada]. |
| 500 | |aIssued also in French under title: Évaluation des laboratoires de recherche du Ministère des communications. |
| 500 | |a"DOC program evaluation series." |
| 610 | 10|aCanada. |bDepartment of Communications|xEvaluation. |
| 650 | 0|aLaboratories|zCanada|xEvaluation. |
| 650 | 0|aTelecommunication|xResearch|zCanada|xEvaluation. |
| 710 | 1 |aCanada. |bDepartment of Communications, |eissuing body. |
| 775 | 08|tÉvaluation des laboratoires de recherche du Ministère des communications.|w(CaOODSP)9.947221 |
| 830 | #0|aEvaluation report = Rapport d'évaluation ;|v[4]|w(CaOODSP)9.947045 |
| 856 | 40|qPDF|s1.06 MB|uhttps://publications.gc.ca/collections/collection_2025/isde-ised/co24/Co24-3-12-4-1991-eng.pdf |